| 000 | 00472cam a2200181ua 4500 | ||
|---|---|---|---|
| 003 | OSt | ||
| 008 | 250315b |||||||| |||| 00| 0 eng d | ||
| 041 | _aeng | ||
| 082 |
_a621.9 _bHAJ/EL |
||
| 100 |
_aHajra Choudhry, S K . _95990 |
||
| 245 | _aElements of workshop technology / | ||
| 250 | _a11 / | ||
| 260 |
_a : _bMedia promoters and publishers pvt ltd , _c1997. |
||
| 300 | _a652 ; . | ||
| 500 | _a18241 Scheme | ||
| 700 | 1 |
_aHajra Choudhry, A K . _95991 |
|
| 942 | _cBK | ||
| 999 |
_c83 _d83 |
||